[Event "DEM U12/U12w 2010"]
[Site "Oberhof GER"]
[Date "2010.05.24"]
[Round "4"]
[White "Engert, Marvin"]
[Black "Knorre, Jonas"]
[Result "0-1"]
[Termination "normal"]
[Board "23"]
[WhiteElo "1612"]
[BlackElo "1733"]
[PlyCount "118"]
[WhiteFideId "12901164"]
[BlackFideId "24696900"]
[EventCountry "GER"]
[EventRounds "11"]
[EventType "swiss"]
[EventDate "2010.05.22"]

1. e4 c5 2. Nc3 Nc6 3. f4 g6 4. Nf3 Bg7 5. d3 e6 6. g3 Nge7 7. Bg2 O-O 8. O-O
d6 9. Be3 b6 10. Bf2 d5 11. e5 Bb7 12. Nb5 Ba6 13. Nd6 f6 14. Bh3 Qd7 15. Re1
fxe5 16. Nxe5 Qxd6 17. Nxc6 Nxc6 18. Rxe6 Qc7 19. c3 Bc8 20. Qf3 Bxe6 21. Bxe6+
Kh8 22. Bxd5 Rf6 23. Re1 Rd8 24. h4 Rfd6 25. Bc4 Na5 26. Bb5 c4 27. d4 Qf7 28.
Qe2 Ra8 29. Be8 Qf8 30. h5 Rdd8 31. Ba4 a6 32. hxg6 hxg6 33. Be3 b5 34. Bc2 Qf6
35. f5 g5 36. Kf2 Qh6 37. Kg2 Qc6+ 38. Kf2 Kg8 39. Qg4 Re8 40. Qxg5 Qf6 41. Qh5
Nc6 42. g4 Qf7 43. Qh3 Ne7 44. g5 Nd5 45. f6 Bxf6 46. gxf6 Qxf6+ 47. Kg1 Nxe3
48. Rxe3 Rxe3 49. Qxe3 Rf8 50. Qg3+ Qg7 51. Qxg7+ Kxg7 52. Be4 Rf6 53. b3 cxb3
54. axb3 a5 55. Bd5 a4 56. bxa4 bxa4 57. c4 Rf4 58. c5 Rxd4 59. Ba2 Rd1+ 0-1

[Event "DEM U12/U12w 2010"]
[Site "Oberhof GER"]
[Date "2010.05.24"]
[Round "4"]
[White "Bilchinski, Anton"]
[Black "Böhm, Jana"]
[Result "0-1"]
[Termination "normal"]
[Board "24"]
[WhiteElo "1727"]
[BlackElo "1298"]
[PlyCount "108"]
[WhiteFideId "24615765"]
[BlackFideId "24661589"]
[EventCountry "GER"]
[EventRounds "11"]
[EventType "swiss"]
[EventDate "2010.05.22"]

1. d4 Nf6 2. c4 g6 3. Nc3 Bg7 4. e4 d6 5. f4 O-O 6. Nf3 c5 7. d5 e6 8. Be2 exd5
9. cxd5 Re8 10. Nd2 Nbd7 11. O-O a6 12. a4 Rb8 13. Qc2 Nf8 14. Rb1 Bd7 15. b4
cxb4 16. Rxb4 Qc7 17. Rb2 Rbc8 18. Ndb1 Nxe4 19. Nxe4 Qxc2 20. Rxc2 Rxc2 21.
Bd3 Rc7 22. Nxd6 Rd8 23. Be3 Bxa4 24. Bb6 Rxd6 25. Bxc7 Rxd5 26. Rf3 Bd4+ 27.
Kf1 Ne6 28. Bb8 Bd1 29. Be2 Bxe2+ 30. Kxe2 f6 31. f5 Rxf5 32. Rxf5 gxf5 33. g3
Be5 34. Ba7 Kf7 35. Nd2 f4 36. g4 Kg6 37. Nc4 Kg5 38. Kf3 b5 39. Nd2 f5 40. h4+
Kg6 41. gxf5+ Kxf5 42. Nb3 Bc3 43. Bb6 Be1 44. Bf2 Bxf2 45. Kxf2 Kg4 46. Na5
Kxh4 47. Nc6 Kg4 48. Ne5+ Kf5 49. Nc6 Nc5 50. Kf3 Nb3 51. Nb4 a5 52. Nd3 Nd4+
53. Kf2 b4 54. Ne1 a4 0-1

[Event "DEM U12/U12w 2010"]
[Site "Oberhof GER"]
[Date "2010.05.24"]
[Round "4"]
[White "Paulsen, Alexej"]
[Black "Nobis, Anna"]
[Result "1-0"]
[Termination "normal"]
[Board "25"]
[WhiteElo "1549"]
[BlackElo "1428"]
[PlyCount "93"]
[WhiteFideId "24662372"]
[BlackFideId "1270302"]
[EventCountry "GER"]
[EventRounds "11"]
[EventType "swiss"]
[EventDate "2010.05.22"]

1. c4 Nf6 2. Nc3 e6 3. e4 d6 4. d4 b6 5. Bd3 Bb7 6. Nf3 Nbd7 7. O-O Be7 8. b3
O-O 9. Bb2 e5 10. Qc2 exd4 11. Nxd4 Ne5 12. Rae1 c5 13. Nf5 Nfd7 14. f4 Nxd3
15. Qxd3 Nf6 16. Qg3 g6 17. Nh6+ Kg7 18. Ng4 Qd7 19. Nxf6 Bxf6 20. Qd3 Bd4+ 21.
Kh1 Qg4 22. h3 Qh4 23. Kh2 f5 24. exf5 Rxf5 25. g3 Qd8 26. Bc1 Qd7 27. g4 Rf7
28. Ne2 Qc6 29. Qg3 Bf6 30. g5 Be7 31. Nc3 Bf8 32. Nd5 Qd7 33. Bb2+ Kg8 34.
Nf6+ Rxf6 35. Bxf6 Qc6 36. Rg1 Re8 37. Rxe8 Qxe8 38. Qf2 a6 39. Qe1 Qf7 40. Qe2
Bc6 41. Re1 Bd7 42. Qe4 b5 43. Kg3 b4 44. Qa8 h6 45. h4 Kh7 46. Re7 Qxe7 47.
Bxe7 1-0

[Event "DEM U12/U12w 2010"]
[Site "Oberhof GER"]
[Date "2010.05.24"]
[Round "4"]
[White "Bardosch, Karl"]
[Black "Röhlich, Philipp"]
[Result "1-0"]
[Termination "normal"]
[Board "26"]
[WhiteElo "1450"]
[BlackElo "1690"]
[PlyCount "83"]
[WhiteFideId "24696480"]
[BlackFideId "24692832"]
[EventCountry "GER"]
[EventRounds "11"]
[EventType "swiss"]
[EventDate "2010.05.22"]

1. e4 c5 2. Nf3 Nc6 3. d4 cxd4 4. Nxd4 g6 5. Nc3 Bg7 6. Be3 Nf6 7. Bc4 Qa5 8.
f3 Qb4 9. Nxc6 bxc6 10. Bb3 a5 11. a3 Qb7 12. Qd2 d6 13. Bh6 O-O 14. Bxg7 Kxg7
15. O-O-O Bd7 16. Rdg1 Rfb8 17. Nd1 a4 18. Bc4 c5 19. g4 h5 20. gxh5 Nxh5 21.
Bd5 Bc6 22. Bxc6 Qxc6 23. Rg5 Qb6 24. Rhg1 Rh8 25. Ne3 Nf6 26. Qg2 Kf8 27. f4
Rb8 28. Nd1 c4 29. e5 dxe5 30. fxe5 Nh5 31. Rf1 Rg8 32. Qf3 Rg7 33. Rg2 Qd4 34.
Qe3 Qxe3+ 35. Nxe3 Rc8 36. Rg4 c3 37. bxc3 Rxc3 38. Rxa4 Ke8 39. Nc4 Rh3 40.
Nb6 f6 41. e6 Kd8 42. Rc4 1-0

[Event "DEM U12/U12w 2010"]
[Site "Oberhof GER"]
[Date "2010.05.24"]
[Round "4"]
[White "Koch, Elisabeth"]
[Black "Scholz, Robert"]
[Result "0-1"]
[Termination "normal"]
[Board "27"]
[WhiteElo "1370"]
[BlackElo "1599"]
[PlyCount "60"]
[WhiteFideId "24695068"]
[BlackFideId "1270301"]
[EventCountry "GER"]
[EventRounds "11"]
[EventType "swiss"]
[EventDate "2010.05.22"]

1. e4 e5 2. Nf3 Nc6 3. Bc4 Bc5 4. c3 Nf6 5. d4 exd4 6. cxd4 Bb4+ 7. Bd2 Bxd2+
8. Nbxd2 d5 9. exd5 Nxd5 10. Qb3 Nce7 11. O-O O-O 12. Rfe1 c6 13. Rac1 Qb6 14.
Qxb6 axb6 15. Ne4 Rd8 16. Ne5 f6 17. Nf3 Kf8 18. a3 b5 19. Bb3 Nf5 20. Rc5 Nf4
21. Rd1 Nxd4 22. Nxd4 Rxd4 23. Rxd4 Ne2+ 24. Kf1 Nxd4 25. Ba2 Be6 26. Bb1 Bc4+
27. Ke1 Re8 28. Kd1 Be2+ 29. Ke1 f5 30. Nc3 b6 1/2-1/2

[Event "DEM U12/U12w 2010"]
[Site "Oberhof GER"]
[Date "2010.05.24"]
[Round "4"]
[White "Böhme, Mathis"]
[Black "Brandl, Lea"]
[Result "0-1"]
[Termination "normal"]
[Board "28"]
[WhiteElo "1080"]
[BlackElo "1529"]
[PlyCount "34"]
[WhiteFideId "12900443"]
[BlackFideId "24693049"]
[EventCountry "GER"]
[EventRounds "11"]
[EventType "swiss"]
[EventDate "2010.05.22"]

1. e4 c5 2. d4 cxd4 3. c3 dxc3 4. Nxc3 Nc6 5. Nf3 e6 6. Bc4 Qc7 7. O-O Nf6 8.
Qe2 Ng4 9. h3 Nd4 10. hxg4 Nxe2+ 11. Bxe2 h5 12. Nb5 Qc6 13. Ne5 Qc5 14. Nf3
hxg4 15. Be3 Qh5 16. Nc7+ Kd8 17. Bg5+ f6 0-1

[Event "DEM U12/U12w 2010"]
[Site "Oberhof GER"]
[Date "2010.05.24"]
[Round "4"]
[White "Essler, Oskar"]
[Black "Weber, Sandra"]
[Result "1-0"]
[Termination "normal"]
[Board "29"]
[WhiteElo "1568"]
[BlackElo "1350"]
[PlyCount "123"]
[WhiteFideId "12918024"]
[BlackFideId "1270049"]
[EventCountry "GER"]
[EventRounds "11"]
[EventType "swiss"]
[EventDate "2010.05.22"]

1. e4 e5 2. f4 exf4 3. Nf3 d5 4. exd5 Nf6 5. d4 Nxd5 6. c4 Ne3 7. Bxe3 fxe3 8.
Qd3 Bb4+ 9. Nc3 O-O 10. O-O-O Bxc3 11. Qxc3 Bf5 12. Qxe3 Nd7 13. g4 Bxg4 14.
Bd3 Bh5 15. Rdg1 Bg6 16. Ng5 Qe8 17. Qh3 Nf6 18. Rf1 Qd7 19. Bxg6 fxg6 20. Rxf6
Qxh3 21. Rxf8+ Rxf8 22. Nxh3 h6 23. Rd1 Rf3 24. Ng1 Rf2 25. Rd2 Rf1+ 26. Rd1
Rf2 27. h3 Kf7 28. Re1 g5 29. d5 h5 30. c5 Rf5 31. Rd1 g4 32. hxg4 hxg4 33. b4
Ke7 34. b5 b6 35. cxb6 axb6 36. Ne2 Kd6 37. Nc3 Re5 38. Rg1 g5 39. Rxg4 Kc5 40.
a4 Rf5 41. Kd2 Re5 42. Kd3 Rf5 43. Ke4 Rf4+ 44. Rxf4 gxf4 45. Kxf4 Kd6 46. Kf5
Ke7 47. Ne4 Kd7 48. Kf6 Kc8 49. Ke7 Kb7 50. Kd7 Kb8 51. d6 cxd6 52. Nxd6 Ka7
53. Kc7 Ka8 54. Kxb6 Kb8 55. a5 Ka8 56. a6 Kb8 57. Ne8 Ka8 58. Nc7+ Kb8 59. a7+
Kc8 60. a8=Q+ Kd7 61. Qe8+ Kd6 62. Qe6# 1-0

[Event "DEM U12/U12w 2010"]
[Site "Oberhof GER"]
[Date "2010.05.24"]
[Round "4"]
[White "Schnepper, Pauline"]
[Black "Lemke, Berfîn"]
[Result "1-0"]
[Termination "normal"]
[Board "30"]
[WhiteElo "1536"]
[BlackElo "1318"]
[PlyCount "77"]
[WhiteFideId "12918040"]
[BlackFideId "1270578"]
[EventCountry "GER"]
[EventRounds "11"]
[EventType "swiss"]
[EventDate "2010.05.22"]

1. e4 e5 2. Nf3 Nc6 3. d4 exd4 4. Nxd4 Nf6 5. Nxc6 bxc6 6. e5 Qe7 7. Qe2 Nd5 8.
c4 Nb6 9. Nc3 g6 10. Qe4 Bg7 11. Bf4 O-O 12. Bd3 Re8 13. O-O Bxe5 14. Rfe1 Bf6
15. Qxe7 Rxe7 16. Rxe7 Bxe7 17. Bxc7 Bb7 18. Rd1 Rc8 19. Bxb6 axb6 20. Bxg6 Rd8
21. Be4 Ba6 22. b3 Bb7 23. Rd3 h6 24. Rg3+ Kh8 25. Re3 Bb4 26. h3 d5 27. cxd5
cxd5 28. Nxd5 Rxd5 29. Bxd5 Bxd5 30. Re5 Be6 31. Re4 Be7 32. a4 Bd8 33. b4 Kg7
34. Re5 Be7 35. Rb5 Bd8 36. a5 Bc4 37. Rh5 bxa5 38. bxa5 Kg6 39. Rc5 1-0

[Event "DEM U12/U12w 2010"]
[Site "Oberhof GER"]
[Date "2010.05.24"]
[Round "4"]
[White "Gerken, Frieso"]
[Black "Pfreundt, Jakob"]
[Result "0-1"]
[Termination "normal"]
[Board "31"]
[WhiteElo "1434"]
[BlackElo "1297"]
[PlyCount "34"]
[WhiteFideId "1270505"]
[BlackFideId "12918156"]
[EventCountry "GER"]
[EventRounds "11"]
[EventType "swiss"]
[EventDate "2010.05.22"]

1. e4 Nf6 2. e5 Nd5 3. d4 d6 4. c4 Nb6 5. f4 dxe5 6. fxe5 Nc6 7. Nf3 Bg4 8. Be3
Bxf3 9. gxf3 e6 10. a3 Be7 11. Nc3 Bh4+ 12. Bf2 Bxf2+ 13. Kxf2 Qh4+ 14. Ke3 g5
15. Nb5 O-O-O 16. Qd3 a6 17. Nc3 Nxd4 0-1

[Event "DEM U12/U12w 2010"]
[Site "Oberhof GER"]
[Date "2010.05.24"]
[Round "4"]
[White "Trotzke, Johannes"]
[Black "Heldt, Ronny"]
[Result "0-1"]
[Termination "normal"]
[Board "32"]
[WhiteElo "1357"]
[BlackElo "1584"]
[PlyCount "60"]
[WhiteFideId "12918105"]
[BlackFideId "12903973"]
[EventCountry "GER"]
[EventRounds "11"]
[EventType "swiss"]
[EventDate "2010.05.22"]

1. e4 e6 2. d4 d5 3. exd5 exd5 4. Bd3 c5 5. c3 Nc6 6. Nf3 Bd6 7. O-O Bg4 8.
Re1+ Nge7 9. h3 Bh5 10. dxc5 Bxc5 11. b4 Bd6 12. Be3 Bg6 13. Bxg6 hxg6 14. Bd4
O-O 15. Ng5 Nf5 16. Nf3 Qc7 17. Na3 Ncxd4 18. cxd4 Bxb4 19. Nb5 Qa5 20. Re2
Qxb5 21. Rb2 Qa5 22. Rab1 Bd6 23. Rb5 Qxa2 24. R1b2 Qc4 25. Rxb7 Rfb8 26. Rxb8+
Rxb8 27. Rxb8+ Bxb8 28. Qb1 Bd6 29. Ng5 Nxd4 30. Qe1 Ne2+ 0-1

[Event "DEM U12/U12w 2010"]
[Site "Oberhof GER"]
[Date "2010.05.24"]
[Round "4"]
[White "Mierzwa, Robert"]
[Black "Borukhson, David"]
[Result "0-1"]
[Termination "normal"]
[Board "33"]
[WhiteElo "1345"]
[BlackElo "1414"]
[PlyCount "62"]
[WhiteFideId "12918113"]
[EventCountry "GER"]
[EventRounds "11"]
[EventType "swiss"]
[EventDate "2010.05.22"]

1. Nf3 c5 2. g3 Nc6 3. Bg2 g6 4. e3 Bg7 5. d4 cxd4 6. exd4 d5 7. O-O Bg4 8. c3
Nf6 9. Bf4 O-O 10. Nbd2 Ne4 11. Re1 Nxd2 12. Qxd2 Re8 13. h3 Bf5 14. Rad1 f6
15. g4 Be4 16. Bg3 e5 17. dxe5 fxe5 18. Nh4 Bxg2 19. Nxg2 d4 20. Qd3 Qb6 21.
Rd2 Rad8 22. Qc4+ Kh8 23. f3 dxc3+ 24. Bf2 Qc7 25. Rxd8 Qxd8 26. bxc3 Qf6 27.
Bh4 g5 28. Bg3 Qxf3 29. Re3 Qf6 30. Qe2 Bf8 31. Ne1 Bc5 0-1

[Event "DEM U12/U12w 2010"]
[Site "Oberhof GER"]
[Date "2010.05.24"]
[Round "4"]
[White "Niggl, Michael"]
[Black "Hartmann, Jakob"]
[Result "0-1"]
[Termination "normal"]
[Board "34"]
[WhiteElo "1275"]
[BlackElo "1402"]
[PlyCount "26"]
[WhiteFideId "12918164"]
[BlackFideId "12918067"]
[EventCountry "GER"]
[EventRounds "11"]
[EventType "swiss"]
[EventDate "2010.05.22"]

1. c4 c6 2. Nc3 d5 3. e3 e5 4. Nf3 d4 5. Ne2 dxe3 6. fxe3 e4 7. Nfd4 c5 8. Nb3
Bd6 9. g3 Bg4 10. Bg2 Nf6 11. O-O Nc6 12. Qe1 Ne5 13. Nc3 Nd3 0-1

[Event "DEM U12/U12w 2010"]
[Site "Oberhof GER"]
[Date "2010.05.24"]
[Round "4"]
[White "Kast, Larissa"]
[Black "Altstadt, Karl-Simon"]
[Result "0-1"]
[Termination "normal"]
[Board "35"]
[WhiteElo "1136"]
[BlackElo "1401"]
[PlyCount "120"]
[WhiteFideId "24699055"]
[BlackFideId "24696676"]
[EventCountry "GER"]
[EventRounds "11"]
[EventType "swiss"]
[EventDate "2010.05.22"]

1. e4 c5 2. Nf3 d6 3. d4 cxd4 4. Nxd4 Nf6 5. f3 a6 6. Be3 e6 7. c4 Be7 8. Be2
O-O 9. O-O Qc7 10. Nd2 Bd7 11. Rc1 Nc6 12. Nxc6 Bxc6 13. Bd3 Rfe8 14. Qe1 Rac8
15. Qg3 Bf8 16. Bg5 Nd7 17. Qh3 Ne5 18. Bc2 Qb6+ 19. Kh1 h6 20. Bf4 Qxb2 21.
Qg3 Ng6 22. Be3 Qf6 23. f4 Kh8 24. f5 Ne5 25. fxe6 Qxe6 26. Bb3 Nd3 27. Rc3
Bxe4 28. Bd4 Qg6 29. Qxg6 Bxg6 30. h3 Nc5 31. Bxc5 dxc5 32. Bc2 Bxc2 33. Rxc2
f6 34. Nf3 Bd6 35. Rd1 Rcd8 36. Rb1 Bg3 37. Rcc1 Rd7 38. Rf1 Re2 39. a3 Rc2 40.
a4 Rxc4 41. Ra1 Kh7 42. Rab1 Rxa4 43. Rb3 c4 44. Rc3 b5 45. Rb1 a5 46. Kg1 Rb4
47. Rbc1 a4 48. Ra1 Be5 49. Nxe5 fxe5 50. Kh2 Rd3 51. Rc2 c3 52. h4 Rxh4+ 53.
Kg1 Rhd4 54. Kh2 e4 55. Re1 b4 56. Rb1 b3 57. Re2 c2 58. Rf1 Rd1 59. Rxd1
cxd1=Q 60. Rf2 Qh5+ 0-1

[Event "DEM U12/U12w 2010"]
[Site "Oberhof GER"]
[Date "2010.05.24"]
[Round "4"]
[White "Holle, Niklas"]
[Black "Reksten, Anne"]
[Result "0-1"]
[Termination "normal"]
[Board "36"]
[WhiteElo "1024"]
[BlackElo "1383"]
[PlyCount "62"]
[BlackFideId "24692778"]
[EventCountry "GER"]
[EventRounds "11"]
[EventType "swiss"]
[EventDate "2010.05.22"]

1. e4 c6 2. Nc3 d5 3. f3 e6 4. d4 Bb4 5. Bd2 b6 6. Be3 Ba6 7. Bxa6 Nxa6 8. Qd3
Nc7 9. Nge2 Nf6 10. O-O O-O 11. Nd1 Be7 12. Nf2 c5 13. dxc5 bxc5 14. Ng3 Nd7
15. Nh3 Ne5 16. Qd2 Nc4 17. Qc1 Nxe3 18. Qxe3 Rb8 19. exd5 exd5 20. Rfe1 Ne6
21. Qe5 Bf6 22. Qf5 Rxb2 23. Rad1 Nd4 24. Qd3 c4 25. Qa3 Nxc2 26. Qxa7 Nxe1 27.
Rxe1 d4 28. Nh5 c3 29. Nxf6+ Qxf6 30. Qd7 Qg6 31. Re8 Qxg2# 0-1

[Event "DEM U12/U12w 2010"]
[Site "Oberhof GER"]
[Date "2010.05.24"]
[Round "4"]
[White "Heinemann, Josefine"]
[Black "Kluge, Leyla"]
[Result "0-1"]
[Termination "normal"]
[Board "37"]
[WhiteElo "1376"]
[BlackElo "1199"]
[PlyCount "90"]
[WhiteFideId "12900460"]
[BlackFideId "12918172"]
[EventCountry "GER"]
[EventRounds "11"]
[EventType "swiss"]
[EventDate "2010.05.22"]

1. e4 c5 2. Nf3 Nc6 3. d4 cxd4 4. Nxd4 g6 5. Be3 Bg7 6. Nc3 Nf6 7. f3 e5 8.
Ndb5 O-O 9. Qd2 b6 10. Nd6 Qe7 11. O-O-O Rd8 12. Bc4 Rf8 13. g4 Ne8 14. Ncb5 a6
15. Nxe8 axb5 16. Nxg7 bxc4 17. Bh6 Rxa2 18. Kb1 Ra6 19. h4 Bb7 20. Qxd7 Rfa8
21. c3 Ra1+ 22. Kc2 Qxd7 23. Rxd7 Rxh1 24. Rxb7 Rxh4 25. g5 Rh2+ 26. Kb1 Rh1+
27. Kc2 Raa1 28. Rd7 Rh2+ 29. Rd2 Rxd2+ 30. Kxd2 Ra8 31. Ke3 Rd8 32. Ke2 b5 33.
Ke3 b4 34. cxb4 Nxb4 35. Ke2 Nd3 36. Kd2 Nxb2+ 37. Kc3 Rb8 38. Kc2 Nd3 39. Kd2
Nf4 40. Nf5 gxf5 41. exf5 Rb2+ 42. Kc3 Rh2 43. Kxc4 f6 44. Kc5 fxg5 45. Bxg5
Rh5 0-1

[Event "DEM U12/U12w 2010"]
[Site "Oberhof GER"]
[Date "2010.05.24"]
[Round "4"]
[White "Buchberger, Tamara"]
[Black "Bohnert, Dominik"]
[Result "0-1"]
[Termination "normal"]
[Board "38"]
[WhiteElo "1088"]
[BlackElo "1370"]
[PlyCount "68"]
[BlackFideId "12918075"]
[EventCountry "GER"]
[EventRounds "11"]
[EventType "swiss"]
[EventDate "2010.05.22"]

1. e4 e5 2. Nf3 Nc6 3. Bc4 Bc5 4. c3 Nf6 5. d4 exd4 6. cxd4 Bb4+ 7. Bd2 Bxd2+
8. Nbxd2 d5 9. exd5 Nxd5 10. Qe2+ Be6 11. O-O O-O 12. a3 Bg4 13. h3 Bh5 14. Qe4
Nce7 15. Qh4 Bg6 16. Rfe1 c6 17. Re2 Qd6 18. Rae1 Nf5 19. Qg4 Nf6 20. Qg5 h6
21. Bxf7+ Kxf7 22. Ne5+ Qxe5 23. Qxg6+ Kxg6 24. Rxe5 Rad8 25. g4 Nxd4 26. f4
Nd5 27. f5+ Kh7 28. h4 Nc2 29. R1e2 Nde3 30. Re7 Nxg4 31. Rg2 Nce3 32. Re2 Rxf5
33. Rxb7 Rxd2 34. Rxd2 Rf1# 0-1

[Event "DEM U12/U12w 2010"]
[Site "Oberhof GER"]
[Date "2010.05.24"]
[Round "4"]
[White "Niemeyer, Maximilian"]
[Black "Kempe, Anne"]
[Result "0-1"]
[Termination "normal"]
[Board "39"]
[WhiteElo "793"]
[BlackElo "1369"]
[PlyCount "88"]
[BlackFideId "12918083"]
[EventCountry "GER"]
[EventRounds "11"]
[EventType "swiss"]
[EventDate "2010.05.22"]

1. e4 c5 2. Nf3 Nc6 3. d4 cxd4 4. Nxd4 Nf6 5. Nc3 d6 6. f3 g6 7. Be3 Bg7 8. Qd2
O-O 9. h4 h5 10. Bh6 Bxh6 11. Qxh6 Nxd4 12. O-O-O Nc6 13. Nd5 Nxd5 14. exd5 Ne5
15. f4 Ng4 16. Qg5 Bf5 17. Bd3 f6 18. Qxf5 gxf5 19. Rdf1 Ne3 20. Rf3 Nxd5 21.
Rg3+ Kf7 22. Re1 Rg8 23. Rf3 e6 24. g3 Qa5 25. Re2 Rac8 26. Kb1 Nb4 27. a3 Nxd3
28. Rxd3 Qc5 29. Red2 Ke7 30. Ka1 e5 31. Rf3 e4 32. Re2 d5 33. c3 d4 34. cxd4
Qc1+ 35. Ka2 Qc4+ 36. Rb3 Qxe2 37. Rxb7+ Ke8 38. Rxa7 Qc4+ 39. Ka1 Qxd4 40. Rb7
Rc1+ 41. Ka2 Qd5+ 42. Rb3 Rg7 43. a4 Rb7 44. a5 Qxb3# 0-1

[Event "DEM U12/U12w 2010"]
[Site "Oberhof GER"]
[Date "2010.05.24"]
[Round "4"]
[White "Müller, Max"]
[Black "Schumann, Rabea"]
[Result "1/2-1/2"]
[Termination "normal"]
[Board "40"]
[WhiteElo "1365"]
[BlackElo "1140"]
[PlyCount "84"]
[WhiteFideId "12900486"]
[BlackFideId "12918199"]
[EventCountry "GER"]
[EventRounds "11"]
[EventType "swiss"]
[EventDate "2010.05.22"]

1. e4 e5 2. Nf3 Nc6 3. Bb5 a6 4. Ba4 d6 5. O-O Bd7 6. c3 Nf6 7. Re1 Be7 8. h3
O-O 9. d4 Re8 10. Nbd2 Bf8 11. Bc2 Qe7 12. Nf1 h6 13. Ng3 Rad8 14. Nh4 g6 15.
Bb3 Be6 16. d5 Nxd5 17. exd5 Qxh4 18. dxe6 fxe6 19. Qd3 Qf6 20. Bc2 Ne7 21. Re3
Qg7 22. Ne4 d5 23. Ng3 Nf5 24. Nxf5 exf5 25. Qf1 Bc5 26. Re1 e4 27. Be3 Bd6 28.
Bd4 Qe7 29. Bb3 c6 30. g3 h5 31. Qg2 Be5 32. g4 Kf8 33. Rad1 Bxd4 34. cxd4 Qg5
35. gxf5 Qxg2+ 36. Kxg2 gxf5 37. Rd2 Rd6 38. Rg1 Rg6+ 39. Kf1 Rxg1+ 40. Kxg1
Ke7 41. Bd1 Rh8 42. Re2 Kf6 1/2-1/2

[Event "DEM U12/U12w 2010"]
[Site "Oberhof GER"]
[Date "2010.05.24"]
[Round "4"]
[White "Gheng, Christian"]
[Black "Gaßmann, Linda"]
[Result "1/2-1/2"]
[Termination "normal"]
[Board "41"]
[WhiteElo "1574"]
[BlackElo "1862"]
[PlyCount "81"]
[WhiteFideId "24660345"]
[BlackFideId "12900451"]
[EventCountry "GER"]
[EventRounds "11"]
[EventType "swiss"]
[EventDate "2010.05.22"]

1. e4 e5 2. Nf3 Nf6 3. Nxe5 d6 4. Nf3 Nxe4 5. Nc3 Nxc3 6. dxc3 Bf5 7. Bd3 Bxd3
8. Qxd3 Be7 9. Be3 Nc6 10. O-O-O Qd7 11. Rhe1 O-O-O 12. Nd4 Ne5 13. Qb5 Qxb5
14. Nxb5 a6 15. Nd4 Bf6 16. Nb3 Nc6 17. Rd2 Rhe8 18. Rde2 Kd7 19. Nd4 Nxd4 20.
Bxd4 Bxd4 21. cxd4 Rxe2 22. Rxe2 Re8 23. Rxe8 Kxe8 24. Kd2 Ke7 25. Ke3 Ke6 26.
Ke4 d5+ 27. Kf4 Kf6 28. h4 h6 29. g4 g5+ 30. hxg5+ hxg5+ 31. Ke3 Ke6 32. b3 b6
33. f4 f6 34. f5+ Kd7 35. c4 c6 36. Kd3 Kc7 37. Kc3 b5 38. Kb4 Kb6 39. c5+ Kb7
40. Kc3 a5 41. b4 1/2-1/2

[Event "DEM U12/U12w 2010"]
[Site "Oberhof GER"]
[Date "2010.05.24"]
[Round "4"]
[White "Wanner, Lukas"]
[Black "Blösch, Christoph"]
[Result "0-1"]
[Termination "normal"]
[Board "42"]
[WhiteElo "1309"]
[BlackElo "1332"]
[PlyCount "120"]
[WhiteFideId "12918148"]
[BlackFideId "12918121"]
[EventCountry "GER"]
[EventRounds "11"]
[EventType "swiss"]
[EventDate "2010.05.22"]

1. e4 e5 2. Nf3 Nf6 3. Nxe5 d6 4. Nf3 Nxe4 5. Qe2 Qe7 6. d3 Nf6 7. Bg5 Qxe2+ 8.
Bxe2 Be7 9. O-O O-O 10. Nc3 a6 11. Rfe1 Nc6 12. a3 Bg4 13. h3 Bh5 14. Rad1 Rfe8
15. g4 Bg6 16. Nh4 Nd7 17. Bxe7 Rxe7 18. Nxg6 hxg6 19. Kf1 Nd4 20. Rd2 Rae8 21.
Red1 c6 22. b3 Ne5 23. Kg2 d5 24. a4 g5 25. f3 Ng6 26. Kf2 Nf4 27. Bf1 Re3 28.
Bg2 Nxg2 29. Kxg2 Rxf3 30. Rf1 Rxf1 31. Kxf1 Re3 32. Kg2 Re1 33. Na2 Re2+ 34.
Rxe2 Nxe2 35. a5 c5 36. b4 c4 37. dxc4 dxc4 38. Kf2 Nf4 39. Kg3 f6 40. Nc3 Kf7
41. Ne4 Ke7 42. Nc5 Nd5 43. Nxb7 Nxb4 44. Nc5 Nxc2 45. Nxa6 Kd6 46. Kf2 Kc6 47.
Nb8+ Kb5 48. a6 Kb6 49. a7 Kxa7 50. Nc6+ Kb6 51. Ne7 Nd4 52. Ke3 Kc5 53. Ke4 c3
54. Kd3 c2 55. Kd2 Kc4 56. Nf5 Nxf5 57. gxf5 Kb3 58. Kc1 Kc3 59. h4 Kd3 60. h5
g4 0-1

[Event "DEM U12/U12w 2010"]
[Site "Oberhof GER"]
[Date "2010.05.24"]
[Round "4"]
[White "Weis, Olga"]
[Black "von Reppert, Marc"]
[Result "1/2-1/2"]
[Termination "normal"]
[Board "43"]
[WhiteElo "1153"]
[BlackElo "1321"]
[PlyCount "79"]
[WhiteFideId "1270234"]
[BlackFideId "12918130"]
[EventCountry "GER"]
[EventRounds "11"]
[EventType "swiss"]
[EventDate "2010.05.22"]

1. e4 e6 2. d4 d5 3. exd5 exd5 4. Nf3 Nf6 5. Bg5 c6 6. Bd3 Bd6 7. O-O O-O 8. c3
Bg4 9. Nbd2 Nbd7 10. Qc2 Qc7 11. Rfe1 Rfe8 12. Rac1 b5 13. b3 Rac8 14. h3 Be6
15. Re3 h6 16. Bxf6 Nxf6 17. Ne5 Nd7 18. Ndf3 Nxe5 19. Nxe5 Bxe5 20. Rxe5 Bd7
21. Rce1 Rxe5 22. Rxe5 Re8 23. Rxe8+ Bxe8 24. Qe2 Kf8 25. Qd2 Qe7 26. Qe3 Bd7
27. Qxe7+ Kxe7 28. Kh2 Be6 29. Kg3 g5 30. h4 Kf6 31. hxg5+ hxg5 32. Kf3 Bf5 33.
Bxf5 Kxf5 34. g4+ Ke6 35. Ke3 f5 36. f3 fxg4 37. fxg4 Kd6 38. Kd2 c5 39. dxc5+
Kxc5 40. Kd3 1/2-1/2

[Event "DEM U12/U12w 2010"]
[Site "Oberhof GER"]
[Date "2010.05.24"]
[Round "4"]
[White "Sadjjadi, Anahita"]
[Black "Alsheimer, Lea"]
[Result "1-0"]
[Termination "normal"]
[Board "44"]
[WhiteElo "1016"]
[BlackElo "1127"]
[PlyCount "33"]
[BlackFideId "12918180"]
[EventCountry "GER"]
[EventRounds "11"]
[EventType "swiss"]
[EventDate "2010.05.22"]

1. e4 c5 2. Nc3 e6 3. f4 Be7 4. Nf3 a6 5. d3 d6 6. Ne2 d5 7. e5 b5 8. Ng3 Bb7
9. Be2 Nd7 10. O-O Nh6 11. f5 Nxf5 12. Nxf5 exf5 13. d4 cxd4 14. Kh1 Qc8 15.
Nxd4 Nxe5 16. Nxf5 Bf6 17. Nd6+ 1-0

[Event "DEM U12/U12w 2010"]
[Site "Oberhof GER"]
[Date "2010.05.24"]
[Round "4"]
[White "Azizowa, Laura"]
[Black "Lamottke, Svenja"]
[Result "1/2-1/2"]
[Termination "normal"]
[Board "46"]
[WhiteElo "1078"]
[BlackElo "963"]
[PlyCount "57"]
[BlackFideId "12918229"]
[EventCountry "GER"]
[EventRounds "11"]
[EventType "swiss"]
[EventDate "2010.05.22"]

1. e4 e5 2. d4 exd4 3. Qxd4 Nc6 4. Qe3 Bb4+ 5. Nc3 Nf6 6. Bd2 d6 7. O-O-O O-O
8. f3 a5 9. a4 Bd7 10. g4 Bxc3 11. Bxc3 Nb4 12. Bxb4 axb4 13. b3 b5 14. Rd4
bxa4 15. Rxb4 a3 16. Kb1 a2+ 17. Ka1 Qe7 18. Ne2 c5 19. Rc4 Bb5 20. Rc3 Rfb8
21. Nc1 Qc7 22. Bxb5 Rxb5 23. Rc4 d5 24. exd5 Nxd5 25. Qe4 Qd6 26. Rd1 Qf6+ 27.
c3 Nc7 28. Nxa2 Rxb3 29. Qc2 1/2-1/2